| 000 | 00748nam a2200193 a 4500 | ||
|---|---|---|---|
| 001 | 000044106 | ||
| 005 | 20201002045142.0 | ||
| 008 | 140516s1967 sp 000 0 spa d | ||
| 040 |
_aDO-SdBNP _bspa _cBNPHU |
||
| 100 | 1 |
_aHavemann, Robert _972101 |
|
| 240 | 1 | 0 |
_aDialektik ohne dogma? _lespañol |
| 245 | 1 | 0 |
_aDialéctica sin Dogma : _bciencia natural y concepción del mundo / _cRobert Havemann; traducción de Manuel Sacristán. |
| 260 |
_aBarcelona : _bAriel, _c1967. |
||
| 300 |
_a256 p. ; _c23 cm. |
||
| 490 | 1 | _aHoras de EspañaZetein-Estudios y ensayos | |
| 504 | _aIncluye referencias bibliográficas y notas al pie de las páginas | ||
| 700 | 1 | 2 |
_aSacristán, Manuel _etr. _960943 |
| 830 | 0 |
_aHoras de EspañaZetein-Estudios y ensayos _972102 |
|
| 999 |
_c43595 _d43595 |
||